000 01126nam a22003014a 4500
001 ebr10255066
003 CaPaEBR
006 m u
007 cr cn|||||||||
008 061211s2008 maua s 001 0 eng
010 _z 2006940095
020 _z9781598633818 (pbk.)
020 _z1598633813 (pbk.)
040 _aCaPaEBR
_cCaPaEBR
035 _a(OCoLC)560583527
050 1 4 _aTR897.7
_b.P3555 2008eb
100 1 _aPardew, Les.
245 1 0 _aCharacter emotion in 2d and 3d animation
_h[electronic resource] /
_cLes Pardew.
260 _aBoston, MA :
_bThomson Course Technology,
_cc2008.
300 _avii, 249 p. :
_bill. (some col.).
500 _aIncludes index.
533 _aElectronic reproduction.
_bPalo Alto, Calif. :
_cebrary,
_d2013.
_nAvailable via World Wide Web.
_nAccess may be limited to ebrary affiliated libraries.
650 0 _aComputer animation.
650 0 _aEmotions in art.
655 7 _aElectronic books.
_2local
710 2 _aebrary, Inc.
856 4 0 _uhttp://site.ebrary.com/lib/rucke/Doc?id=10255066
_zAn electronic book accessible through the World Wide Web; click to view
999 _c34211
_d34211